| 000 | 00654nam a22001577a 4500 | ||
|---|---|---|---|
| 999 |
_c5081 _d235585 |
||
| 020 | _a9789876301213 | ||
| 080 | _a342.733 D 371 | ||
| 245 |
_aEl Posgrado en el campo Universitario: _bexpansión de carreras y productividad de Tesis en la Argentina |
||
| 260 |
_aBuenos Aires: _bUniversidad Nacional de General Sarmiento _c2012 |
||
| 300 |
_a102 P. _b21 X 15 Cm. |
||
| 490 |
_aUniversidad _v2 |
||
| 650 |
_xeducacion superior _xposgrado _xderechos humanos _xlibertad de enseñar _xlibertad de aprender _xlibertad de estudiar _xley de educaion superior _xtesis de posgrado |
||
| 700 |
_ade la fare, Mónica _eLenz, Sylvia |
||
| 942 | _6_ | ||
| 945 |
_acd _d2019-09-27 |
||